[Event "HUN-ch U20"]
[Site "Szolnok"]
[Date "2024.04.06"]
[Round "9"]
[White "Hangay, Oliver"]
[Black "Minga Nagy, Abel Inti"]
[Result "1/2-1/2"]
[WhiteElo "1962"]
[BlackElo "1929"]
[PlyCount "111"]
[EventDate "2024.03.31"]
[EventType "swiss"]
[EventRounds "9"]
[EventCountry "HUN"]
[SourceTitle "CB16_2024"]
[SourceDate "2024.04.17"]
[SourceVersion "1"]
[SourceVersionDate "2024.04.17"]
[SourceQuality "1"]

1. e4 c5 2. Nf3 Nc6 3. d4 cxd4 4. Nxd4 g6 5. Nc3 Bg7 6. Be3 Nf6 7. Bc4 Qa5 8. 0-0 0-0 9. Nb3 Qc7 10. Bg5 Na5 11. Be2 Nxb3 12. axb3 Qe5 13. f4 Qc5+ 14. Kh1 d6 15. Bf3 e5 16. Be2 exf4 17. Bxf4 d5 18. Be5 Nxe4 19. Nxe4 dxe4 20. Bd6 Qg5 21. Bxf8 Kxf8 22. Bc4 Bf6 23. Qd6+ Kg7 24. Qc7 Bf5 25. Qxf7+ Kh6 26. Ra5 e3 27. Qxb7 Re8 28. Qf3 Be5 29. Bd3 Bg4 30. Qe4 Bf5 31. Rxe5 Bxe4 32. Rxg5 Bxd3 33. cxd3 Kxg5 34. Re1 Kf4 35. Kg1 Rd8 36. Rf1+ Ke5 37. Rd1 Kd4 38. Kf1 Rf8+ 39. Ke1 Rc8 40. b4 Rc2 41. Ra1 Kxd3 42. Ra3+ Kd4 43. Rxa7 Rxb2 44. Rxh7 Rxg2 45. b5 Kc5 46. Re7 Kxb5 47. Rxe3 Rxh2 48. Rg3 Rh6 49. Ke2 Kc5 50. Kf3 Kd5 51. Kf4 Ke6 52. Kg5 Rh8 53. Rf3 Rg8 54. Rf6+ Ke5 55. Rxg6 Rxg6+ 56. Kxg6 1/2-1/2

[Event "HUN-ch U20"]
[Site "Szolnok"]
[Date "2024.04.04"]
[Round "6"]
[White "Hangay, Oliver"]
[Black "Meszaros Csonka, David"]
[Result "1-0"]
[WhiteElo "1962"]
[BlackElo "1941"]
[PlyCount "163"]
[EventDate "2024.03.31"]
[EventType "swiss"]
[EventRounds "9"]
[EventCountry "HUN"]
[SourceTitle "CB16_2024"]
[SourceDate "2024.04.17"]
[SourceVersion "1"]
[SourceVersionDate "2024.04.17"]
[SourceQuality "1"]

1. e4 c5 2. Nf3 Nc6 3. d4 cxd4 4. Nxd4 Nf6 5. Nc3 e6 6. Ndb5 d6 7. Bf4 e5 8. Bg5 a6 9. Na3 b5 10. Nd5 Be7 11. Bxf6 Bxf6 12. c3 0-0 13. Nc2 Rb8 14. h4 g6 15. g3 Bg7 16. h5 Ne7 17. Nce3 Nxd5 18. Nxd5 Bb7 19. Bg2 Bf6 20. Qd3 Bg5 21. Rd1 a5 22. Kf1 Qc8 23. Ne3 Rd8 24. hxg6 hxg6 25. Bf3 Ba6 26. Kg2 b4 27. Qd5 Rb5 28. Rh8+ Kxh8 29. Qxf7 Bh4 30. Rh1 g5 31. Nf5 Rb7 32. Ne7 Rxe7 33. Qxe7 Kg8 34. gxh4 Qd7 35. Qxg5+ Qg7 36. Qxg7+ Kxg7 37. cxb4 axb4 38. Rd1 Kf6 39. Rd2 Ke7 40. Bg4 Ra8 41. Kg3 Bb7 42. Bf5 Rxa2 43. h5 Ra8 44. h6 Rh8 45. h7 Bc8 46. Bxc8 Rxc8 47. f4 Rh8 48. Rh2 Kf7 49. Rh6 exf4+ 50. Kxf4 Kg7 51. Rxd6 Kxh7 52. Rb6 Kg7 53. Rxb4 Rh1 54. Rb7+ Kf6 55. Rb6+ Ke7 56. Ke5 Rh5+ 57. Kd4 Rh1 58. Kd5 Rd1+ 59. Ke5 Rh1 60. Rb7+ Ke8 61. Kd5 Rh5+ 62. e5 Rh6 63. b4 Kd8 64. Rb5 Ke7 65. Rc5 Kd7 66. Kc4 Rb6 67. b5 Rh6 68. Kb4 Rh1 69. Ka5 Rh6 70. b6 Rh1 71. Ka6 Ra1+ 72. Kb7 Rb1 73. Ka7 Ra1+ 74. Kb8 Rb1 75. b7 Rb2 76. Rc1 Rb3 77. Rd1+ Ke7 78. Rd4 Ke8 79. Rd5 Ke7 80. Kc7 Rc3+ 81. Kb6 Rb3+ 82. Rb5 1-0

[Event "HUN-ch U10/14"]
[Site "Buek"]
[Date "2023.06.25"]
[Round "9"]
[White "Hangay, Oliver"]
[Black "Morovan Szabo, Lorinc"]
[Result "1/2-1/2"]
[WhiteElo "1818"]
[BlackElo "1554"]
[PlyCount "53"]
[EventDate "2023.06.17"]
[EventType "swiss"]
[EventRounds "9"]
[EventCountry "HUN"]
[SourceTitle "CBM 215 Extra"]
[Source "ChessBase"]
[SourceDate "2023.09.30"]
[SourceVersion "1"]
[SourceVersionDate "2023.09.30"]
[SourceQuality "1"]

1. e4 e5 2. Nf3 Nc6 3. Bb5 a6 4. Ba4 d6 5. 0-0 Bd7 6. c4 Nf6 7. Nc3 Be7 8. Bxc6 Bxc6 9. Qc2 Qd7 10. h3 g5 11. d4 g4 12. hxg4 Qxg4 13. d5 Bd7 14. Nh2 Qg6 15. f4 exf4 16. Bxf4 Nh5 17. Qd2 Nxf4 18. Qxf4 Rg8 19. Rf2 Bg5 20. Qf3 Bh4 21. Rd2 Bg3 22. Nf1 Be5 23. Ne3 Qh6 24. Ne2 Bg4 25. Nxg4 Qxd2 26. Nxe5 dxe5 27. Rf1 1/2-1/2

[Event "HUN-ch U10/14"]
[Site "Buek"]
[Date "2023.06.22"]
[Round "6"]
[White "Meszaros Csonka, David"]
[Black "Hangay, Oliver"]
[Result "0-1"]
[WhiteElo "1726"]
[BlackElo "1818"]
[PlyCount "118"]
[EventDate "2023.06.17"]
[EventType "swiss"]
[EventRounds "9"]
[EventCountry "HUN"]
[SourceTitle "CBM 215 Extra"]
[Source "ChessBase"]
[SourceDate "2023.09.30"]
[SourceVersion "1"]
[SourceVersionDate "2023.09.30"]
[SourceQuality "1"]

1. d4 Nf6 2. Bf4 d5 3. e3 c5 4. c3 Nc6 5. Nd2 Qb6 6. Qb3 c4 7. Qc2 g6 8. e4 Nxe4 9. Nxe4 dxe4 10. Bxc4 Bf5 11. Be3 Qc7 12. d5 Ne5 13. Bb5+ Nd7 14. Bd4 Rg8 15. Qa4 a6 16. f3 h5 17. Be2 0-0-0 18. fxe4 Bxe4 19. Bf3 Bxf3 20. Nxf3 Nb6 21. Bxb6 Qxb6 22. Nd4 Bg7 23. 0-0-0 Rxd5 24. Qc4+ Qc5 25. Qxc5+ Rxc5 26. Rhf1 Bf6 27. Nb3 Rc7 28. Rd3 Rd8 29. Kc2 Rxd3 30. Kxd3 Rd7+ 31. Ke2 b6 32. Nd2 Rd6 33. Ne4 Rc6 34. Kd3 Kd7 35. g3 Ke8 36. h3 Bg7 37. g4 hxg4 38. hxg4 e5 39. g5 Ke7 40. a4 f5 41. gxf6+ Bxf6 42. Nxf6 Rxf6 43. Rxf6 Kxf6 44. c4 Ke6 45. b4 Kd6 46. Ke4 a5 47. b5 Kc5 48. Kxe5 g5 49. Kf5 Kxc4 50. Kxg5 Kb4 51. Kf4 Kxa4 52. Ke3 Kxb5 53. Kd2 Kb4 54. Kc2 Ka3 55. Kb1 b5 56. Ka1 b4 57. Kb1 b3 58. Ka1 b2+ 59. Kb1 a4 0-1

[Event "HUN-ch U10/14"]
[Site "Buek"]
[Date "2023.06.21"]
[Round "4"]
[White "Tagai, Marton"]
[Black "Hangay, Oliver"]
[Result "0-1"]
[WhiteElo "1574"]
[BlackElo "1818"]
[PlyCount "66"]
[EventDate "2023.06.17"]
[EventType "swiss"]
[EventRounds "9"]
[EventCountry "HUN"]
[SourceTitle "CBM 215 Extra"]
[Source "ChessBase"]
[SourceDate "2023.09.30"]
[SourceVersion "1"]
[SourceVersionDate "2023.09.30"]
[SourceQuality "1"]

1. e4 e5 2. Nf3 Nc6 3. d4 exd4 4. Bc4 Nf6 5. e5 d5 6. Bb5 Ne4 7. Nxd4 Bd7 8. Bxc6 bxc6 9. 0-0 Bc5 10. Be3 Rb8 11. Nd2 Qe7 12. f4 Nxd2 13. Qxd2 Rxb2 14. Rab1 Rb6 15. Qa5 0-0 16. Nf5 Bxe3+ 17. Nxe3 Rfb8 18. Rxb6 axb6 19. Qa7 Qd8 20. Qa3 Ra8 21. Qb3 Qe7 22. a4 Qc5 23. Rd1 d4 24. Qc4 Qxc4 25. Nxc4 c5 26. c3 Bxa4 27. Ra1 Bc6 28. Rxa8+ Bxa8 29. cxd4 cxd4 30. Kf2 Bd5 31. Nb2 b5 32. g3 Be4 33. Ke2 c5 0-1

[Event "HUN-ch U10/14"]
[Site "Buek"]
[Date "2023.06.20"]
[Round "2"]
[White "Hangay, Oliver"]
[Black "Feher, Botond"]
[Result "1/2-1/2"]
[WhiteElo "1818"]
[BlackElo "2028"]
[PlyCount "70"]
[EventDate "2023.06.17"]
[EventType "swiss"]
[EventRounds "9"]
[EventCountry "HUN"]
[SourceTitle "CBM 215 Extra"]
[Source "ChessBase"]
[SourceDate "2023.09.30"]
[SourceVersion "1"]
[SourceVersionDate "2023.09.30"]
[SourceQuality "1"]

1. e4 c5 2. c3 g6 3. d4 cxd4 4. cxd4 d5 5. e5 Bg7 6. Nc3 Nc6 7. h3 f6 8. exf6 Nxf6 9. Nf3 0-0 10. Be3 Bf5 11. Bd3 Ne4 12. 0-0 Qd7 13. Rc1 Nxc3 14. bxc3 Na5 15. Re1 Bxd3 16. Qxd3 Nc4 17. Bg5 e6 18. Nd2 Nxd2 19. Qxd2 b5 20. Qe2 Rfe8 21. f4 Kf7 22. Rb1 Rab8 23. Qd3 Rec8 24. g4 Re8 25. Rf1 Kg8 26. f5 exf5 27. gxf5 gxf5 28. Qxf5 Qxf5 29. Rxf5 Rec8 30. Rb3 b4 31. Rxb4 Rxb4 32. cxb4 Bxd4+ 33. Kf1 Rf8 34. Rxf8+ Kxf8 35. Ke2 a6 1/2-1/2

[Event "EU-ch U10 30th"]
[Site "Antalya"]
[Date "2022.11.07"]
[Round "2"]
[White "Policar, Martin"]
[Black "Hangay, Oliver"]
[Result "1-0"]
[WhiteElo "1519"]
[BlackElo "1742"]
[PlyCount "87"]
[EventDate "2022.11.06"]
[EventType "swiss"]
[EventRounds "9"]
[EventCountry "TUR"]
[SourceTitle "CBM 211 Extra"]
[Source "ChessBase"]
[SourceDate "2023.01.31"]
[SourceVersion "1"]
[SourceVersionDate "2023.01.31"]
[SourceQuality "1"]

1. d4 Nf6 2. c4 c5 3. e3 e6 4. Nc3 cxd4 5. exd4 Bb4 6. Bd2 0-0 7. Nf3 d5 8. c5 Ba5 9. a3 Bxc3 10. Bxc3 Ne4 11. Qc2 b6 12. b4 bxc5 13. bxc5 Ba6 14. Bxa6 Nxa6 15. 0-0 f6 16. Rfe1 Rc8 17. Nd2 Nxc3 18. Qxc3 e5 19. dxe5 Nxc5 20. Qd4 Ne6 21. Qxa7 Rc2 22. Nf3 d4 23. Qa4 Qc8 24. Qb3 Kh8 25. Rab1 Rc3 26. Qd5 Nf4 27. Qd6 Rd8 28. Qb6 Rc6 29. Qb5 Qg4 30. Nh4 Rc2 31. g3 Nh3+ 32. Kh1 Nxf2+ 33. Kg1 Nh3+ 34. Kh1 Nf2+ 35. Kg1 Nh3+ 36. Kh1 g5 37. exf6 gxh4 38. Re8+ Rxe8 39. Qxe8+ Qg8 40. f7 Nf2+ 41. Kg1 Nh3+ 42. Kh1 Nf2+ 43. Kg2 Ng4+ 44. Kg1 1-0

[Event "HUN-chT U18"]
[Site "Budapest"]
[Date "2021.10.25"]
[Round "3.33"]
[White "Hangay, Oliver"]
[Black "Lang, Kristof Mark"]
[Result "1-0"]
[WhiteElo "1478"]
[BlackElo "1387"]
[PlyCount "69"]
[EventDate "2021.10.24"]
[EventType "team-tourn"]
[EventRounds "7"]
[EventCountry "HUN"]
[SourceTitle "CBM 205 Extra"]
[Source "ChessBase"]
[SourceDate "2022.01.31"]
[SourceVersion "1"]
[SourceVersionDate "2022.01.31"]
[SourceQuality "1"]

1. e4 c5 2. Nf3 d6 3. d4 cxd4 4. Nxd4 Nf6 5. Nc3 a6 6. Be2 e6 7. Be3 b5 8. f3 Bb7 9. 0-0 Be7 10. Qd2 0-0 11. Rad1 Nbd7 12. a3 Rc8 13. Bf2 Ne5 14. Bg3 Nc4 15. Bxc4 bxc4 16. Kh1 Nh5 17. Bf2 Bg5 18. Be3 Bxe3 19. Qxe3 Qh4 20. Qf2 Qf6 21. Nde2 Rfd8 22. Rd2 e5 23. Rfd1 Rd7 24. Qb6 Rc6 25. Qf2 Rd8 26. Nd5 Qe6 27. Qh4 Nf6 28. Nec3 Rcc8 29. Nxf6+ gxf6 30. Qh3 Qe7 31. Qh6 Kh8 32. Ne2 Rc6 33. Ng3 Rg8 34. Nf5 Qd8 35. Rxd6 1-0